| 000 | 00670nam a2200217Ii 4500 | ||
|---|---|---|---|
| 003 | JO-AjNU | ||
| 008 | 230606s9999||||xx |||||||||||||| ||und|| | ||
| 020 | _a978-0-273-71212-1 | ||
| 040 |
_aJO-AjNU _beng _erda _cJO-AjNU |
||
| 041 | _aeng | ||
| 050 | 1 | 4 | _aHF5635.W65 2008 |
| 100 | 3 |
_aWood,Frank / Sangster,Alan, _eauthor _9417 |
|
| 245 | 0 | 0 | _aBusiness Accounting vol.1 |
| 250 | _a11th ed | ||
| 264 | 3 | 1 | _aLondon : Prentice Hall Financial Times,2008 |
| 300 |
_avolume1, 762p _b Includes appendix indexes(p665-762) |
||
| 336 |
_atext _btxt _2rdacontent |
||
| 337 |
_aunmediated _bn _2rdamedia |
||
| 338 |
_avolume _bnc _2rdacarrier |
||
| 650 | 4 |
_aBusiness Accounting _9418 |
|
| 999 |
_aE223 _c223 _d223 |
||